000 01504nam a22003857a 4500
001 13612865
003 OSt
005 20210426101034.0
008 040603s2005 nyua b 001 0beng
010 _a 2004050928
020 _a1400062659 (alk. paper)
040 _aDLC
_cDLC
_dDLC
_beng
041 _aeng
042 _apcc
050 0 0 _aPT2637.A433
_bZ87 2005
080 _a92
_bR-39
082 0 0 _a833/.912
_222
100 1 _aReiss, Tom.
245 1 4 _aThe Orientalist :
_bsolving the mystery of a strange and a dangerous life /
_c/ by: Random House
250 _a1st edition
260 _aNew York
_bRandom House
_cc2005.
300 _axxvii, 433 p.
_bill.
_c24 cm.
365 _b25.95 usd
504 _aIncludes bibliographical references (p. [385]-411) and index.
600 1 0 _aSaid, Kurban,
_d1905-1942.
650 0 _aAuthors, German
_y20th century
_vBiography.
650 0 _aBiography
_9237
653 _aბიოგრაფია
856 4 2 _3Contributor biographical information
_uhttp://www.loc.gov/catdir/bios/random051/2004050928.html
856 4 1 _3Sample text
_uhttp://www.loc.gov/catdir/samples/random051/2004050928.html
856 4 2 _3Publisher description
_uhttp://www.loc.gov/catdir/description/random051/2004050928.html
906 _a7
_bcbc
_corignew
_d1
_eocip
_f20
_gy-gencatlg
942 _2udc
_cBK
_e1
999 _c1271
_d1271